<?xml version="1.0" encoding="UTF-8"?>
<record
    xmlns:xsi="http://www.w3.org/2001/XMLSchema-instance"
    xsi:schemaLocation="http://www.loc.gov/MARC21/slim http://www.loc.gov/standards/marcxml/schema/MARC21slim.xsd"
    xmlns="http://www.loc.gov/MARC21/slim">

  <leader>00853nam a2200217 i 4500</leader>
  <controlfield tag="001">38486</controlfield>
  <controlfield tag="003">ES-MaACL</controlfield>
  <controlfield tag="005">20260203063030.0</controlfield>
  <controlfield tag="007">t|</controlfield>
  <controlfield tag="008">030225s1916    sp           |||| | spa d</controlfield>
  <datafield tag="100" ind1="1" ind2=" ">
    <subfield code="a">Cabr&#xE9; Aguil&#xF3;, Juan, </subfield>
    <subfield code="d">1882-1947</subfield>
    <subfield code="9">33266</subfield>
  </datafield>
  <datafield tag="245" ind1="1" ind2="0">
    <subfield code="a">Arte rupestre gallego y portugu&#xE9;s </subfield>
    <subfield code="b">: (Eira d'os Mouros y Cachao da Rapa) / </subfield>
    <subfield code="c">Juan Cabr&#xE9; Aguil&#xF3;.</subfield>
  </datafield>
  <datafield tag="260" ind1=" " ind2=" ">
    <subfield code="a">Lisboa : </subfield>
    <subfield code="b">Imprensa da Livraria Ferin, </subfield>
    <subfield code="c">1916.</subfield>
  </datafield>
  <datafield tag="300" ind1=" " ind2=" ">
    <subfield code="a">28 p., 5 h. de l&#xE1;m. : </subfield>
    <subfield code="b">il. ; </subfield>
    <subfield code="c">25 cm.</subfield>
  </datafield>
  <datafield tag="490" ind1="1" ind2=" ">
    <subfield code="a">Mem&#xF3;rias publicadas pela Sociedade Portugu&#xEA;sa de Sci&#xEA;ncias Naturais ; </subfield>
    <subfield code="v">2</subfield>
  </datafield>
  <datafield tag="650" ind1="0" ind2="7">
    <subfield code="a">Arte prehist&#xF3;rico</subfield>
    <subfield code="2">embne</subfield>
    <subfield code="9">10269</subfield>
  </datafield>
  <datafield tag="650" ind1=" " ind2="4">
    <subfield code="a">Pintura rupestre-</subfield>
    <subfield code="z">Europa.</subfield>
    <subfield code="9">16084</subfield>
  </datafield>
  <datafield tag="830" ind1="0" ind2=" ">
    <subfield code="a">Mem&#xF3;rias publicadas pela Sociedade Portugu&#xEA;sa de Sci&#xEA;ncias Naturais ; </subfield>
    <subfield code="v">2</subfield>
    <subfield code="9">229677</subfield>
  </datafield>
  <datafield tag="852" ind1=" " ind2=" ">
    <subfield code="a">ES-MaACL</subfield>
    <subfield code="j">1505-F-1</subfield>
  </datafield>
  <datafield tag="999" ind1=" " ind2=" ">
    <subfield code="c">38486</subfield>
    <subfield code="d">38486</subfield>
  </datafield>
  <datafield tag="952" ind1=" " ind2=" ">
    <subfield code="0">0</subfield>
    <subfield code="1">0</subfield>
    <subfield code="4">0</subfield>
    <subfield code="7">0</subfield>
    <subfield code="8">Colecci&#xF3;n_de_folletos</subfield>
    <subfield code="a">ATENEOM</subfield>
    <subfield code="b">ATENEOM</subfield>
    <subfield code="c">DEPOF</subfield>
    <subfield code="d">2008-01-17</subfield>
    <subfield code="e">SC</subfield>
    <subfield code="l">0</subfield>
    <subfield code="o">1505-F-1</subfield>
    <subfield code="p">1040520</subfield>
    <subfield code="r">2023-02-23 00:00:00</subfield>
    <subfield code="w">2023-02-23</subfield>
    <subfield code="y">FOLLETOS</subfield>
  </datafield>
</record>
